| 000 | 00350nam a22001337a 4500 | ||
|---|---|---|---|
| 020 | _a9789380235578 | ||
| 082 |
_a664.028 _bRAJ/QU |
||
| 100 | _aRaj, Dev | ||
| 245 | _aQuality control for value addition in food processing | ||
| 260 |
_aNew Delhi _bNew India Publishing Agency _c2011 |
||
| 700 | _aSharma, Rakesh | ||
| 700 | _aJoshi, V.K | ||
| 942 | _cBK | ||
| 999 |
_c14009 _d14009 |
||